ՀՀ Գիտությունների ազգային ակադեմիայի հիմնարար գիտական գրադարան  =   Fundamental Scientific Library of NAS RA

Сибирский радиоактивный курорт "Белокуриха" / (Record no. 486429)

MARC details
000 -LEADER
fixed length control field 00918nam a2200217 a 4500
001 - CONTROL NUMBER
control field 001189473
003 - CONTROL NUMBER IDENTIFIER
control field AM-YeHGA
005 - DATE AND TIME OF LATEST TRANSACTION
control field 20250617162256.0
008 - FIXED-LENGTH DATA ELEMENTS--GENERAL INFORMATION
fixed length control field 161115m1953 ru ad|||r|||||000|0|rus|d
040 ## - CATALOGING SOURCE
Original cataloging agency AM-YeHGA
041 0# - LANGUAGE CODE
Language code of text/sound track or separate title rus
090 ## - LOCALLY ASSIGNED LC-TYPE CALL NUMBER (OCLC); LOCAL CALL NUMBER (RLIN)
-- 489798
245 00 - TITLE STATEMENT
Title Сибирский радиоактивный курорт "Белокуриха" /
Statement of responsibility, etc. Под ред. проф. Г.М. Шершевского.
260 ## - PUBLICATION, DISTRIBUTION, ETC.
Place of publication, distribution, etc. Барнаул :
Name of publisher, distributor, etc. Б. и.,
Date of publication, distribution, etc. 1953 -.
300 ## - PHYSICAL DESCRIPTION
Extent Сборник ;
Dimensions 20 см.
505 10 - FORMATTED CONTENTS NOTE
Miscellaneous information Сб. 3 (1953, 195 с., ил., граф.)
650 14 - SUBJECT ADDED ENTRY--TOPICAL TERM
Topical term or geographic name entry element Медицина
650 14 - SUBJECT ADDED ENTRY--TOPICAL TERM
Topical term or geographic name entry element Лечебные минеральные воды, их состав и влияние на организм
653 0# - INDEX TERM--UNCONTROLLED
Uncontrolled term "Белокуриха", курорт - Бийский район (Алтайский край)
700 1# - ADDED ENTRY--PERSONAL NAME
Personal name Шершевский, Григорий Максимович
Relator term ред.
Relationship edt
Holdings
Withdrawn status Lost status Damaged status Not for loan Collection Home library Current library Date acquired Total checkouts Full call number Barcode Date last seen Price effective from Koha item type Public note
        General Fundamental Scientific Library Fundamental Scientific Library 06/02/2019   РД II/38102 FL0549341 06/02/2019 06/02/2019 Գրքեր / Books 30 Days Loan


ՀՀ ԳԱԱ հիմնարար գիտական գրադարան
ՀՀ,Երևան 0019
Մարշալ Բաղրամյան 24/6
հեռախոս:(374-10) 52-47-50
Հետադարձ կապ

All site content, except where otherwise noted, is licensed under a
Creative Commons License